000 00484 a2200145 4500
999 _c7817
_d7817
020 _a0137880596
050 _aHF5438.4 STI 1998
100 _aStill, R Richard
_eauthor
245 _aSales management :
_bDecesions, strategies and cases/
_cRichard R Still; Edward W Cundiff; Norman A P Govoni
264 _aEnglewood Cliffs, N.J. :
_bPrentice-Hall,
_c1998.
300 _axvi, 658p.
_bill.
500 _aIncludes index
650 _aSales management.
942 _2lcc
_cBK
_h5438
_iSTI
_kHF